Furthest US State Capitals from Each US State Capital - Statistics

General Stats
  • This quiz has been taken 105 times
  • The average score is 41 of 50
Answer Stats
Capital Furthest Capital % Correct
Albany Honolulu
98%
Atlanta Honolulu
94%
Annapolis Honolulu
93%
Augusta Honolulu
91%
Austin Honolulu
89%
Baton Rouge Honolulu
89%
Bismarck Honolulu
89%
Boise Honolulu
87%
Boston Honolulu
87%
Concord Honolulu
85%
Charleston Honolulu
84%
Cheyenne Honolulu
84%
Columbia Honolulu
84%
Columbus Honolulu
84%
Denver Honolulu
84%
Des Moines Honolulu
84%
Dover Honolulu
83%
Frankfort Honolulu
83%
Indianapolis Honolulu
83%
Harrisburg Honolulu
83%
Hartford Honolulu
83%
Helena Honolulu
83%
Carson City Augusta
82%
Honolulu Augusta
82%
Jackson Honolulu
82%
Jefferson City Honolulu
82%
Lansing Honolulu
82%
Lincoln Honolulu
80%
Little Rock Honolulu
79%
Montgomery Honolulu
79%
Montpelier Honolulu
79%
Nashville Honolulu
79%
Oklahoma City Honolulu
79%
Olympia Honolulu
79%
Madison Honolulu
78%
Phoenix Honolulu
78%
Providence Honolulu
78%
Richmond Honolulu
78%
Pierre Honolulu
77%
Raleigh Honolulu
77%
Salt Lake City Honolulu
77%
Tallahassee Honolulu
77%
Santa Fe Honolulu
76%
Springfield Honolulu
76%
St Paul Honolulu
76%
Topeka Honolulu
76%
Trenton Honolulu
76%
Sacramento Augusta
75%
Juneau Tallahassee
75%
Salem Augusta
74%
No matching quizzes found
Score Distribution
Percent of People with Each Score
Percentile by Number Answered
Your Score History
You have not taken this quiz